Attack on Titan Openings - Statistics

General Stats
  • This quiz has been taken 321 times
    218 since last reset
  • The average score is 5 of 9
Answer Stats
Band Title Season % Correct
SiM The Rumbling The Final Season
92%
Shinsei Kamattechan Boku no Sensou The Final Season
81%
Yoshiki & HYDE Red Swan Season 3
77%
Linked Horizon Shinzo wo Sasageyo! Season 2
59%
Linked Horizon Guren no Yumiya Season 1
58%
Linked Horizon Jiyuu no Tsubasa Season 1
38%
SiM Under the Tree The Final Season
37%
Linked Horizon Shoukei to Shikabane no Michi Season 3
17%
Linked Horizon Saigo no Kyojin The Final Season
14%
No matching quizzes found
Score Distribution
Percent of People with Each Score
Percentile by Number Answered
Your Score History
You have not taken this quiz since the last reset